<?xml version="1.0" encoding="UTF-8"?><OAI-PMH xmlns="http://www.openarchives.org/OAI/2.0/" xmlns:xsi="http://www.w3.org/2001/XMLSchema-instance"     xsi:schemaLocation="http://www.openarchives.org/OAI/2.0/ http://www.openarchives.org/OAI/2.0/OAI-PMH.xsd"><responseDate>2026-05-16T18:07:37Z</responseDate><request verb="GetRecord" identifier="oai:regmurcia.com:fintegr.629" metadataPrefix="marc21">http://oai.regmurcia.com/oai2/oai2.php</request><GetRecord><record><header><identifier>oai:regmurcia.com:fintegr.629</identifier><datestamp>2026-05-16</datestamp><setSpec>documentos</setSpec></header><metadata><record  xmlns="http://www.loc.gov/MARC21/slim" xmlns:xsi="http://www.w3.org/2001/XMLSchema-instance" xsi:schemaLocation="http://www.loc.gov/MARC21/slim http://www.loc.gov/standards/marcxml/schema/MARC21slim.xsd" type="Bibliographic"><leader>00000nam a2200000   4500</leader><controlfield tag="001" >005074812</controlfield><controlfield tag="003" >629</controlfield><controlfield tag="004" >A00000000</controlfield><datafield tag="245" ind1=" " ind2=" "><subfield code="a">Carta del corregidor Juan Cabrero al Concejo de Murcia nombrando alcalde a Juan del Castillo e informando sobre la situación en el cerco de Baza.</subfield></datafield><datafield tag="300" ind1=" " ind2=" "><subfield code="c">290 x 215 mm.</subfield></datafield><datafield tag="351" ind1=" " ind2=" "><subfield code="a">Unidad Documental simple</subfield><subfield code="c">Archivo de Murcia. Array</subfield><subfield code="a">Unidad Documental simple</subfield><subfield code="c">Archivo de Murcia. Array</subfield></datafield><datafield tag="351" ind1=" " ind2=" "><subfield code="b">N º 68</subfield></datafield><datafield tag="506" ind1=" " ind2=" "><subfield code="a">Acceso restringido</subfield></datafield><datafield tag="520" ind1=" " ind2=" "><subfield code="a">Juan Cabrero, corregidor de Murcia, que se encuentra en el cerco de Baza, informa a la ciudad de Murcia de ciertas cuestiones: se refiere a la necesidad de trigo que padece la ciudad, a los oficiales extranjeros a su cargo, a noticias de la guerra (muerte la pasada jornada de 200 moros, entre ellos personajes notables) y nombra alcalde de Murcia a Juan del Castillo, hijo del alcalde Diego del Castillo, mientras éste se encuentre con él en Baza.</subfield></datafield><datafield tag="583" ind1=" " ind2=" "><subfield code="u">http://www.regmurcia.com/servlet/s.Sl?METHOD=VERDOCUMENTO&amp;sit=serv,Carmesi&amp;n=/01/1164/indice.djvu</subfield></datafield><datafield tag="592" ind1=" " ind2=" "><subfield code="a">1489-08-10</subfield></datafield><datafield tag="592" ind1=" " ind2=" "><subfield code="d">1489-08-10 00:00:00</subfield></datafield><datafield tag="651" ind1=" " ind2=" "><subfield code="a">Real de Sobre Baza</subfield></datafield><datafield tag="786" ind1=" " ind2=" "><subfield code="o">http://www.regmurcia.com/servlet/s.Sl?METHOD=VERDOCUMENTO&amp;sit=serv,Carmesi&amp;n=/01/1164/indice.djvu</subfield></datafield><datafield tag="856" ind1=" " ind2=" "><subfield code="u">http://www.regmurcia.com/servlet/s.Sl?METHOD=DETALLE&amp;sit=c,373,m,139,serv,Carmesi&amp;id=629</subfield></datafield></record></metadata></record></GetRecord></OAI-PMH>
